| 000 | 00337nam a2200133Ia 4500 | ||
|---|---|---|---|
| 008 | 150201s2009 xx 000 0 und d | ||
| 082 |
_a612.015 _bB09G |
||
| 100 | _aGUPTA,PREM PRAKASH | ||
| 245 | _aTB OF BIOCHEMISTRY FOR MED. & DENTAL STUDENTS | ||
| 250 | _a1ST | ||
| 260 |
_bCBS _aDELHI _c2009 |
||
| 650 | _aBIOCHEMISTRY | ||
| 942 |
_2ddc _cBK |
||
| 999 |
_c992 _d992 |
||